Fundamentals Of Database Systems 7/e

সংরক্ষণ করুন:
গ্রন্থ-পঞ্জীর বিবরন
প্রধান লেখক: Elmasri
বিন্যাস: গ্রন্থ
প্রকাশিত: Pearson Education
ট্যাগগুলো: ট্যাগ যুক্ত করুন
কোনো ট্যাগ নেই, প্রথমজন হিসাবে ট্যাগ করুন!

MARC

LEADER 00000nam a2200000Ia 4500
005 20260513122055.0
020 |a 9789332582705 
100 |a Elmasri 
365 |c Rs. 
365 |b 20.00 
942 |c BK 
245 |a Fundamentals Of Database Systems 7/e 
260 |b Pearson Education 
999 |c 138  |d 138 
952 |0 0  |1 0  |4 0  |7 0  |a UNSW  |b UNSW  |d 2026-04-29  |g 1145.00  |i 16669  |l 0  |p 000016  |r 2026-05-13 12:20:55  |v 1145.00  |w 2026-05-13  |y BK 
952 |0 0  |1 0  |4 0  |7 0  |a UNSW  |b UNSW  |d 2026-04-29  |g 1145.00  |i 16670  |l 0  |p 000027  |r 2026-05-13 12:20:55  |v 1145.00  |w 2026-05-13  |y BK